La operatoria aduanera de exportación (Registro nro. 23486)

Detalles MARC
000 -LEADER
fixed length control field 00333 a2200109 4500
001 - CONTROL NUMBER
control field ART_8687
005 - DATE AND TIME OF LATEST TRANSACTION
control field 20260410161834.0
008 - FIXED-LENGTH DATA ELEMENTS--GENERAL INFORMATION
fixed length control field 260409a
100 1# - MAIN ENTRY--PERSONAL NAME
Personal name Fratalocchi, Aldo
245 10 - TITLE STATEMENT
Title La operatoria aduanera de exportación
773 0# - HOST ITEM ENTRY
Title Contabilidad y administración
Related parts - Año 3, Nº 31 (ene. 1980)
Record control number REV5485

No hay ítems disponibles.